[Event "Sherbrooke op-C"]
[Site "Sherbrooke"]
[Date "2008.05.25"]
[Round "5"]
[White "Olivier, Luc"]
[Black "Soskic, Milan"]
[Result "1/2-1/2"]
[WhiteElo "1290"]
[BlackElo "1286"]
[PlyCount "43"]
[EventDate "2008.05.23"]
[EventType "swiss"]
[EventRounds "5"]
[EventCountry "CAN"]
[SourceTitle "EXT 2011"]
[Source "ChessBase"]
[SourceDate "2010.11.26"]
[SourceVersion "1"]
[SourceVersionDate "2010.11.26"]
[SourceQuality "1"]

1. d4 Nf6 2. c4 g6 3. Nc3 Bg7 4. e4 d6 5. Nf3 Nbd7 6. Be2 0-0 7. 0-0 e5 8. dxe5 Nxe5 9. Nxe5 dxe5 10. Bg5 h6 11. Qxd8 Rxd8 12. Bxf6 Bxf6 13. Nd5 Bg7 14. Nxc7 Rb8 15. Nd5 Be6 16. Rac1 Rd7 17. Rfd1 Kf8 18. Rd3 Rbd8 19. Rcd1 f5 20. f3 f4 21. b3 g5 22. Nb4 1/2-1/2

[Event "Sherbrooke op-C"]
[Site "Sherbrooke"]
[Date "2008.05.25"]
[Round "4"]
[White "Pelosse, Jacques"]
[Black "Olivier, Luc"]
[Result "1/2-1/2"]
[WhiteElo "1225"]
[BlackElo "1290"]
[PlyCount "52"]
[EventDate "2008.05.23"]
[EventType "swiss"]
[EventRounds "5"]
[EventCountry "CAN"]
[SourceTitle "EXT 2011"]
[Source "ChessBase"]
[SourceDate "2010.11.26"]
[SourceVersion "1"]
[SourceVersionDate "2010.11.26"]
[SourceQuality "1"]

1. d4 Nf6 2. Nc3 e6 3. e4 d6 4. f4 Be7 5. Nf3 b6 6. Bd3 0-0 7. 0-0 Bb7 8. e5 dxe5 9. fxe5 Nd5 10. Ne2 Nb4 11. Bc4 c5 12. c3 Nd5 13. Kh1 Nd7 14. Ng3 Rc8 15. Bd3 c4 16. Bc2 b5 17. a3 a5 18. Qe2 N7b6 19. Qe4 g6 20. Bh6 Re8 21. Nh5 Bf8 22. Bxf8 Rxf8 23. Nf4 Nxf4 24. Qxf4 Nd5 25. Qh6 Qe7 26. Rae1 Rce8 1/2-1/2